Top 500 Baby Girl Names of 2020-USA - Statistics

General Stats
  • This quiz has been taken 7,366 times
  • The average score is 247 of 500
Answer Stats
Rank Hint Answer % Correct
253 A Alivia
97%
1 O Olivia
97%
2 E Emma
96%
245 A Ana
91%
68 A Anna
91%
18 E Emily
90%
157 I Isabel
90%
121 I Isabelle
90%
3 A Ava
89%
4 C Charlotte
89%
115 E Eliza
89%
7 I Isabella
89%
6 A Amelia
87%
16 E Elizabeth
87%
15 E Ella
87%
449 E Emelia
87%
40 E Emilia
87%
471 E Eve
87%
17 S Sofia
87%
5 S Sophia
87%
371 E Elle
86%
124 M Mary
86%
8 M Mia
86%
39 H Hannah
85%
341 I Izabella
85%
231 L Lilly
85%
35 L Lily
85%
28 G Grace
84%
183 S Sara
84%
160 K Khloe
83%
87 S Sarah
83%
486 A Ari
82%
27 C Chloe
82%
109 M Maria
82%
93 E Eva
81%
26 A Aria
80%
401 A Ariah
80%
379 A Ariyah
80%
112 A Arya
80%
135 K Katherine
80%
267 C Catherine
79%
9 E Evelyn
79%
475 M Maddison
79%
23 M Madison
79%
34 V Victoria
79%
41 Z Zoe
79%
32 Z Zoey
79%
13 A Abigail
78%
230 A Alexa
78%
29 E Ellie
78%
327 E Evelynn
77%
399 J Jessica
77%
107 J Julia
77%
113 R Rose
77%
75 S Sophie
77%
45 L Leah
76%
295 L Leia
76%
289 L Lia
76%
10 H Harper
75%
357 L Laura
75%
429 A Allie
74%
411 K Kate
74%
30 N Nora
74%
151 N Norah
74%
25 P Penelope
74%
216 A Amy
73%
64 B Bella
73%
434 J Jennifer
73%
232 L Lauren
73%
49 L Lucy
73%
227 R Rachel
73%
137 A Alexandra
72%
76 A Alice
72%
436 A Alison
72%
80 A Allison
72%
79 A Ariana
72%
123 A Arianna
72%
46 L Lillian
72%
90 S Samantha
72%
48 W Willow
72%
484 K Katie
71%
51 N Natalie
71%
288 A Annie
70%
154 A Ashley
70%
426 A Averie
70%
19 A Avery
70%
71 C Caroline
70%
328 G Gia
70%
14 L Luna
70%
37 V Violet
70%
225 L Laila
69%
24 L Layla
69%
205 L Leila
69%
33 R Riley
69%
102 R Rylee
69%
159 R Ryleigh
69%
355 R Rylie
69%
47 A Addison
68%
309 A Alexis
68%
77 G Gabriella
68%
498 M Maia
68%
61 M Maya
68%
174 M Molly
68%
242 M Mya
68%
250 R Rebecca
68%
440 A Angel
67%
11 C Camila
67%
257 C Camilla
67%
322 G Gabriela
67%
44 I Isla
67%
214 K Kamila
67%
447 A Amanda
66%
60 A Audrey
66%
81 H Hailey
66%
58 I Ivy
66%
265 J Jane
66%
20 M Mila
66%
197 O Olive
66%
103 C Clara
65%
143 D Daisy
65%
176 G Georgia
65%
12 G Gianna
65%
209 G Gracie
65%
217 K Kayla
65%
394 M Madeleine
65%
95 M Madeline
65%
66 M Madelyn
65%
480 M Madelynn
65%
325 M Madilyn
65%
266 N Nicole
65%
146 B Brianna
64%
57 C Claire
64%
185 K Kimberly
64%
132 K Kylie
64%
126 M Margaret
64%
348 M Melissa
64%
22 E Eleanor
63%
359 G Gabrielle
63%
97 J Jade
63%
240 L Lola
63%
190 M Millie
63%
196 A Alaina
62%
247 A Alayna
62%
156 A Aubree
62%
56 A Aubrey
62%
88 C Cora
62%
448 D Danielle
62%
249 E Elaina
62%
55 E Elena
62%
481 H Holly
62%
492 K Kora
62%
226 L Lila
62%
239 L Lilah
62%
118 L Lyla
62%
414 A Alicia
61%
204 H Hope
61%
84 N Natalia
61%
74 R Ruby
61%
42 S Stella
61%
437 S Stephanie
61%
161 T Taylor
61%
208 V Vanessa
61%
380 V Veronica
61%
101 V Vivian
61%
260 V Vivienne
61%
244 D Diana
60%
136 F Faith
60%
184 A Ada
59%
222 A Annabelle
59%
237 B Brooke
59%
54 B Brooklyn
59%
262 B Brooklynn
59%
275 C Charlee
59%
477 C Charleigh
59%
417 C Charli
59%
122 C Charlie
59%
329 N Nina
59%
446 S Scarlet
59%
21 S Scarlett
59%
215 Z Zara
59%
251 A Angela
58%
229 D Daniela
58%
413 D Daniella
58%
424 H Helen
58%
141 J Jasmine
58%
119 M Mackenzie
58%
344 M Makenzie
58%
278 M Mckenzie
58%
336 M Michelle
58%
85 Q Quinn
58%
285 A Adaline
57%
139 A Adalyn
57%
116 A Adalynn
57%
469 A Addilyn
57%
100 A Adeline
57%
235 A Adelyn
57%
358 A Adelynn
57%
86 J Josephine
57%
306 J Juliet
57%
180 J Juliette
57%
199 A Alyssa
56%
153 E Esther
56%
319 E Evie
56%
31 H Hazel
56%
127 I Iris
56%
182 J June
56%
105 M Melanie
56%
52 N Naomi
56%
148 A Andrea
55%
290 A Angelina
55%
82 A Autumn
55%
416 F Frances
55%
470 R Rosie
55%
67 S Savannah
55%
166 S Sienna
55%
304 A Adriana
54%
200 A Ariel
54%
346 A Arielle
54%
36 A Aurora
54%
451 C Carolina
54%
69 D Delilah
54%
188 J Juliana
54%
269 J Julianna
54%
314 K Kendall
54%
145 V Valerie
54%
43 E Everly
53%
270 L Lena
53%
110 L Liliana
53%
345 L Lilliana
53%
378 P Paislee
53%
50 P Paisley
53%
220 R Ruth
53%
78 S Sadie
53%
149 S Summer
53%
65 A Aaliyah
52%
320 A Alexandria
52%
189 A Aliyah
52%
171 B Bailey
52%
264 C Camille
52%
212 E Elise
52%
372 E Everlee
52%
94 E Everleigh
52%
296 F Fiona
52%
134 J Josie
52%
273 P Paige
52%
256 P Phoebe
52%
233 E Elsie
51%
435 J Jordan
51%
194 J Jordyn
51%
390 L Lana
51%
96 L Lydia
51%
485 M Mira
51%
292 C Cali
50%
165 C Callie
50%
252 K Kali
50%
117 K Kaylee
50%
218 P Payton
50%
98 P Peyton
50%
246 V Vera
50%
206 A Alana
49%
53 E Eliana
49%
392 E Elianna
49%
133 E Elliana
49%
258 J Joanna
49%
72 K Kennedy
49%
163 L Lucia
49%
293 M Maggie
49%
106 M Melody
49%
193 M Morgan
49%
241 S Selena
49%
421 S Serena
49%
38 N Nova
48%
179 F Freya
47%
494 N Nia
47%
130 E Eden
46%
138 E Eloise
46%
456 F Francesca
46%
439 K Kayleigh
46%
91 P Piper
46%
63 S Skylar
46%
465 S Skyler
46%
99 B Brielle
45%
351 D Destiny
45%
374 H Hallie
45%
396 J Joy
45%
462 P Poppy
45%
207 G Gemma
44%
291 H Harley
44%
195 L London
44%
162 L Londyn
44%
419 P Paris
44%
243 S Sydney
44%
349 W Willa
44%
274 A Adelaide
43%
489 C Cameron
43%
405 C Camryn
43%
398 E Esme
43%
459 K Kamryn
43%
271 L Lucille
43%
468 N Nadia
43%
198 R Rosalie
43%
73 V Valentina
43%
150 V Valeria
43%
406 C Cassidy
42%
89 E Emery
42%
444 E Emory
42%
487 K Kaitlyn
42%
366 L Lexi
42%
210 N Noelle
42%
152 A Ariella
41%
263 E Evangeline
41%
169 G Genevieve
41%
464 K Keira
41%
384 K Kira
41%
83 N Nevaeh
41%
391 O Ophelia
41%
170 A Alina
40%
423 B Bianca
40%
433 C Carmen
40%
155 E Emerson
40%
164 E Emersyn
40%
386 F Felicity
40%
128 P Parker
40%
254 R Raegan
40%
114 R Reagan
40%
389 S Sabrina
40%
279 T Tessa
40%
202 A Arabella
39%
108 A Athena
39%
219 B Blake
39%
473 E Edith
39%
381 H Heidi
39%
409 M Maisie
39%
158 A Anastasia
38%
62 G Genesis
38%
321 G Gracelyn
38%
313 G Gracelynn
38%
175 H Harmony
38%
442 J Jacqueline
38%
490 K Kyla
38%
402 M Makenna
38%
70 S Serenity
38%
147 C Cecilia
37%
111 H Hadley
37%
422 H Heaven
37%
268 J Jocelyn
37%
272 M Mckenna
37%
228 T Trinity
37%
140 A Amaya
36%
173 M Maeve
36%
276 M Mariana
36%
430 M Marlee
36%
478 M Matilda
36%
280 M Miriam
36%
186 R River
36%
142 A Amara
35%
131 A Ayla
35%
297 B Briella
35%
415 D Daphne
35%
172 J Juniper
35%
59 K Kinsley
35%
223 S Sage
35%
337 T Talia
35%
332 B Brynn
34%
352 D Dahlia
34%
261 D Dakota
34%
342 F Fatima
34%
369 K Kenzie
34%
234 M Margot
34%
303 T Thea
34%
315 W Winter
34%
375 W Wynter
34%
284 A Amira
33%
377 G Gwendolyn
33%
324 H Harlow
33%
294 H Hayden
33%
211 M Marley
33%
213 P Presley
33%
125 R Remi
33%
497 R Remy
33%
450 R Ryan
33%
362 B Brinley
32%
191 B Brynlee
32%
144 R Reese
32%
404 V Viviana
32%
129 X Ximena
32%
330 A Amina
31%
353 C Celeste
31%
488 D Danna
31%
187 E Ember
31%
331 G Giselle
31%
310 H Haven
31%
317 L Logan
31%
259 M Malia
31%
463 M Maliyah
31%
305 M Mariah
31%
333 B Blair
30%
301 J Jayla
30%
408 L Luciana
30%
427 M Mabel
30%
255 R Rowan
30%
181 S Sloane
30%
201 F Finley
29%
92 L Leilani
29%
445 R Rosemary
29%
354 A Ainsley
28%
167 B Blakely
28%
308 K Kiara
28%
326 M Makayla
28%
370 R Raelyn
28%
104 R Raelynn
28%
418 R Raven
28%
467 S Skye
28%
312 D Delaney
27%
438 M Maren
27%
192 T Teagan
27%
361 W Wren
27%
224 A Aspen
26%
496 D Dylan
26%
425 H Hattie
26%
248 N Nyla
26%
403 N Nylah
26%
238 S Sawyer
26%
236 Z Zuri
26%
334 A Amari
25%
338 D Demi
25%
203 J Journee
25%
298 J Journey
25%
431 K Kinley
25%
335 O Octavia
25%
286 P Phoenix
25%
178 C Catalina
24%
461 L Liana
24%
281 O Oakley
24%
457 R Rory
24%
368 A Alessandra
23%
441 A Annalise
23%
412 L Lyric
23%
455 M Maci
23%
466 N Noa
23%
343 T Tatum
23%
382 A Anaya
22%
458 C Celine
22%
395 E Esmeralda
22%
302 K Kaia
22%
350 S Samara
22%
120 A Alaia
21%
339 A Alaya
21%
283 A Alayah
21%
282 K Kailani
21%
397 K Kalani
21%
340 K Kaylani
21%
168 K Kehlani
21%
432 R Regina
20%
452 A Astrid
19%
385 A Avianna
19%
491 B Bristol
19%
388 M Miracle
19%
307 O Oaklynn
19%
360 R Remington
19%
300 S Saylor
19%
383 C Cataleya
18%
474 J Jolene
18%
400 L Leighton
18%
316 L Lilith
18%
177 M Magnolia
18%
443 B Braelynn
17%
364 L Lainey
17%
482 L Leona
17%
277 M Myla
17%
318 A Amiyah
16%
376 D Daleyza
16%
299 L Lennon
16%
420 N Nayeli
16%
472 S Sarai
16%
428 S Selah
16%
311 A Aniyah
15%
386 A Aylin
15%
495 M Malani
15%
287 M Milani
15%
454 S Shiloh
15%
221 A Alani
14%
407 D Dream
14%
393 R Royalty
14%
323 S Sutton
14%
483 A Azalea
13%
479 E Elliott
13%
476 M Meadow
13%
347 P Palmer
13%
356 R Reign
13%
410 S Stevie
13%
363 A Amora
12%
493 A Armani
12%
367 A Aitana
11%
365 C Collins
11%
499 D Dior
11%
373 H Haisley
11%
453 K Kensley
11%
500 L Legacy
10%
460 Z Zariyah
9%
No matching quizzes found
Score Distribution
Percent of People with Each Score
Percentile by Number Answered
Your Score History
You have not taken this quiz